Prisoner's dilemma (Registro nro. 304435)
[ vista simple ]
| 000 -ENCABEZADO | |
|---|---|
| Número de control [NR] | 00993pam a2200277 a 4500 |
| 001 - NÚMERO DE CONTROL | |
| control field | 4396555 |
| 005 - FECHA Y HORA DE LA ÚLTIMA TRANSACCIÓN | |
| control field | 20211105120818.0 |
| 008 - DE LONGITUD FIJA DE DATOS DE ELEMENTOS - INFORMACIÓN GENERAL | |
| Elementos de longitud fija [NR] | 161006s1993 xxua gr 001 0beng |
| 020 ## - NUMERO INTERNACIONAL NORMALIZADO PARA LIBROS [R] | |
| Número Internacional Normalizado del libro [NR] | 038541580X |
| 020 ## - NUMERO INTERNACIONAL NORMALIZADO PARA LIBROS [R] | |
| Número Internacional Normalizado del libro [NR] | 9780385415804 |
| 040 ## - FUENTE DE CATALOGACION [NR] | |
| Agencia de catalogación original [NR] | CO-BoUCM |
| Idioma de catalogación [NR] | spa |
| Quien Cataloga | Edgar Pinilla |
| Quien Clasifica | Edgar Pinilla |
| 041 0# - CODIGO DE IDIOMA [R] | |
| Código de idioma para texto/pista de sonido o título separado [R] | Inglés |
| 100 1# - ASIENTO PRINCIPAL--NOMBRE PERSONAL [NR] | |
| Nombre personal [NR] | Poundstone, William |
| ID Autoridad | 72413 |
| 245 10 - MENCION DE TITULO [NR] | |
| Título [NR] | Prisoner's dilemma |
| Mención de responsabilidad, etc. [NR] | William Poundstone |
| 260 ## - PUBLICACION, DISTRIBUCION, ETC. (PIE DE IMPRENTA) [R] | |
| Lugar de publicación, distribución, etc. [R] | New York (Estados Unidos) |
| Nombre del editor, distribuidor, etc. [R] | Anchor Books |
| Fecha de publicación, distribución, etc. [R] | 1993 |
| 300 ## - DESCRIPCION FISICA [R] | |
| Extensión [R] | xi, 294 páginas, [8] páginas de láminas |
| Otros detalles físicos [NR] | ilustraciones |
| 504 ## - NOTA DE BIBLIOGRAFIA, ETC. [R] | |
| Nota de bibliografía, etc. [NR] | Incluye referencias bibliográficas e índices |
| 600 10 - ASIENTO SECUNDARIO DE MATERIA - NOMBRE PERSONAL [R] | |
| Nombre personal [NR] | Von Neumann, John, |
| Fechas asociadas con el nombre [NR] | 1903-1957. |
| 9 (RLIN) | 80923 |
| 650 04 - ASIENTO SECUNDARIO DE MATERIA - TERMINO TEMATICO [R] | |
| Término temático o nombre geográfico como elemento de entrada [NR] | Teoría de los juegos |
| 9 (RLIN) | 25291 |
| 650 04 - ASIENTO SECUNDARIO DE MATERIA - TERMINO TEMATICO [R] | |
| Término temático o nombre geográfico como elemento de entrada [NR] | Juegos de estrategia (Matemáticas) |
| 9 (RLIN) | 18126 |
| 650 04 - ASIENTO SECUNDARIO DE MATERIA - TERMINO TEMATICO [R] | |
| Término temático o nombre geográfico como elemento de entrada [NR] | Juegos de azar (Matemáticas) |
| 9 (RLIN) | 18125 |
| 650 04 - ASIENTO SECUNDARIO DE MATERIA - TERMINO TEMATICO [R] | |
| Término temático o nombre geográfico como elemento de entrada [NR] | Matemáticas |
| Subdivisión geográfica [R] | Estados Unidos |
| 9 (RLIN) | 80925 |
| 690 #0 - ASUNTO AGREGADO LOCAL DE ENTRADA - TÉRMINO TEMÁTICO (OCLC, RLIN) | |
| Acceso temático local | Matemáticas |
| 9 (RLIN) | 19031 |
| 942 ## - ELEMENTOS DE ENTRADA AGREGADOS (KOHA) | |
| Sistema de clasificación | DEWEY |
| Tipo de ítem principal el descrito en 300a | Libro |
| Tema principal | Ciencias aplicadas |
| Edición | 1 |
| Clasificación | 512.817 |
| Parte restante de la signatura top. | P876 |
| Signatura topográfica | Código de barras | Última vez visto | Ejemplar | Costo de reposición | Price effective from | Tipo de ítem | Perdido | Sistema de clasificación | Dañado | No prestable | Tipo de ítem específico | Suprimido | Ubicación habitual | Ubicación actual | Localización | Fecha de creación | Proveedor | Forma de adquisición | Costo |
|---|---|---|---|---|---|---|---|---|---|---|---|---|---|---|---|---|---|---|---|
| 512.817 P876 | 100151018 | 21/03/2025 | Ej.1 | 47600.00 | 04/10/2016 | Libro de reserva | DEWEY | Libro de reserva | Bodega | Bodega | 5to piso | 04/10/2016 | 37 | Compra | 47600.00 |